Convenio regional de convalidación de estudios, títulos y diplomas de educación superior en América Latina y el Caribe (Record no. 65040)

MARC details
000 -CABECERA
campo de control de longitud fija 00709nam a2200205 a 4500
005 - FECHA Y HORA DE LA ÚLTIMA TRANSACCIÓN
campo de control 20210219152951.0
008 - ELEMENTOS DE LONGITUD FIJA--INFORMACIÓN GENERAL
campo de control de longitud fija 991125n 000 0 u
035 ## - NÚMERO DE CONTROL DEL SISTEMA
Número de control de sistema UPN01000069623
222 ## - TÍTULO CLAVE
Título clave REVISTA DE LA EDUCACION SUPERIOR
245 ## - MENCIÓN DE TÍTULO
Título Convenio regional de convalidación de estudios, títulos y diplomas de educación superior en América Latina y el Caribe
300 ## - DESCRIPCIÓN FÍSICA
Extensión 88-97
362 ## - FECHAS DE PUBLICACIÓN Y/O DESIGNACIÓN SECUENCIAL
Fecha de publicación y/o designación secuencial 1974 Vol. <3=03>, no. 3 jul.-sep.
653 0# - TERMINO DE INDIZACION - NO CONTROLADO
Término no controlado AMERICA LATINA
653 0# - TERMINO DE INDIZACION - NO CONTROLADO
Término no controlado CARIBE
653 0# - TERMINO DE INDIZACION - NO CONTROLADO
Término no controlado CONVENIO REGIONAL DE CONVALIDACION DE ESTUDIOS Y DIPLOMAS DE EDUCACION SUPERIOR (1974)
653 0# - TERMINO DE INDIZACION - NO CONTROLADO
Término no controlado CONVENIOS EDUCATIVOS
653 0# - TERMINO DE INDIZACION - NO CONTROLADO
Término no controlado EDUCACION SUPERIOR
904 ## - ELEMENTOS DE DATOS D LOCAL, LDD (RLIN)
a AC
b 007434
905 ## - TIPO DE MATERIAL
Tipo de material Articulo

No items available.